La revolución verde: Norman Borlaug y su lucha contra el hambre
Saved in:
| Hovedforfatter: | |
|---|---|
| Format: | Bog |
| Sprog: | spansk |
| Udgivet: |
Ciudad de México
Asociados
1976
|
| Fag: | |
| Tags: |
Tilføj Tag
Ingen Tags, Vær først til at tagge denne postø!
|
MARC
| LEADER | 00000nam a2200000 a 4500 | ||
|---|---|---|---|
| 001 | UCQ2076 | ||
| 003 | CL-VaPUC | ||
| 008 | 980721e19760000MX |||||||||||||||||spa|d | ||
| 082 | 0 | 4 | |a 363.8 |b BIC |2 21 |
| 100 | 0 | |a Bickel, Lennard |e author |9 415960 | |
| 245 | 1 | 3 | |a La revolución verde: Norman Borlaug y su lucha contra el hambre |
| 300 | |a 285 p | ||
| 942 | |c BK | ||
| 945 | |d 19980721 00:00:00 |a crobeson | ||
| 260 | |a Ciudad de México |b Asociados |c 1976 | ||
| 600 | 0 | 7 | |a BORLAUG, NORMAN |2 CL-VaPUC |9 415961 |
| 650 | 7 | |a HAMBRE |2 CL-VaPUC |9 316139 | |
| 650 | 0 | |a Problemas sociales |9 258537 | |
| 650 | 0 | |a Alimentación |9 334197 | |
| 650 | 7 | |a CRECIMIENTO DEMOGRAFICO |2 CL-VaPUC |9 338225 | |
| 583 | |a last modification |c 19980721 00:00:00 |k Rodrigo Vera | ||
| 999 | |c 272918 |d 272916 | ||
| 952 | |0 0 |1 0 |4 0 |6 363_800000000000000_BIC_1976 |7 0 |8 A |9 308141 |a BIBENE |b BIBENE |d 2019-11-20 |i 1435744 |o 363.8 BIC 1976 |p 1435744 |r 2025-01-15 |w 2019-11-20 |y BK |k ICO | ||